United States Senators by Photos - Statistics

General Stats
  • This quiz has been taken 50 times
  • The average score is 15 of 20
Answer Stats
Picture Answer % Correct
Ted Cruz
98%
Mitch McConnell
96%
Mitt Romney
96%
Bernie Sanders
93%
Elizabeth Warren
93%
Marco Rubio
93%
Cory Booker
87%
Rand Paul
85%
Lindsey Graham
83%
Raphael Warnock
80%
Chuck Schumer
78%
Dianne Feinstein
76%
John Ossoff
70%
Amy Klobuchar
67%
Susan Collins
67%
Tim Scott
67%
Tim Kaine
63%
Rick Scott
61%
Marsha Blackburn
54%
Pat Toomey
33%
No matching quizzes found
Score Distribution
Percent of People with Each Score
Percentile by Number Answered
Your Score History
You have not taken this quiz